[Event "RN-2017-0-01295"]
[Site "LSS email"]
[Date "2017.05.26"]
[Round "?"]
[White "Goti, Javier"]
[Black "Bester, Kazimierz"]
[Result "1-0"]
[WhiteElo "666"]
[BlackElo "705"]
[PlyCount "124"]
[EventDate "2017.05.17"]
[EventType "tourn (corr)"]
[EventRounds "6"]
[EventCountry "GER"]
[SourceTitle "Corr 2022"]
[Source "ChessBase"]
[SourceDate "2021.10.24"]
[SourceVersion "1"]
[SourceVersionDate "2021.10.24"]
[SourceQuality "1"]

1. e4 d5 2. exd5 Qxd5 3. Nc3 Qa5 4. d4 Nf6 5. Bd2 Bf5 6. Bd3 Bxd3 7. cxd3 Nc6 8. Ne4 Qb6 9. Bc3 Nxd4 10. Bxd4 Qxd4 11. Qe2 0-0-0 12. Rc1 h6 13. Nf3 Qxd3 14. Qxd3 Rxd3 15. Nxf6 exf6 16. 0-0 Bd6 17. Rfe1 g5 18. h3 h5 19. Rcd1 Rxd1 20. Rxd1 g4 21. hxg4 hxg4 22. Ne1 f5 23. a3 Bh2+ 24. Kf1 Bd6 25. g3 Rh1+ 26. Ke2 f4 27. gxf4 Bxf4 28. Nd3 Rxd1 29. Kxd1 Bd6 30. b4 f5 31. Ke2 f4 32. Nc5 g3 33. f3 c6 34. Ne4 Be5 35. Kf1 Kc7 36. Ng5 Bd4 37. Ne6+ Kd6 38. Nxd4 Ke5 39. Ne2 Kf5 40. Nc3 b5 41. a4 bxa4 42. Nxa4 Ke5 43. Nc5 Kd4 44. Kg2 Ke3 45. Nb3 Kd3 46. Na5 a6 47. Nxc6 Kc4 48. Nb8 Kb5 49. Kh3 Kxb4 50. Nxa6+ Kc4 51. Kg2 Kd3 52. Nc5+ Ke3 53. Ne4 Ke2 54. Nxg3+ fxg3 55. Kxg3 Ke3 56. f4 Ke4 57. Kg4 Kd5 58. f5 Ke5 59. Kg5 Kd6 60. f6 Kd7 61. Kg6 Ke8 62. Kg7 Kd7 1-0

[Event "LSS No Engine Cup 169 Preliminary 0"]
[Site "LSS email"]
[Date "2017.05.07"]
[Round "?"]
[White "Chester, Ian"]
[Black "Goti, Javier"]
[Result "1-0"]
[WhiteElo "1645"]
[BlackElo "1090"]
[PlyCount "53"]
[EventDate "2017.05.08"]
[EventType "tourn (corr)"]
[EventRounds "6"]
[EventCountry "GER"]
[SourceTitle "Corr 2022"]
[Source "ChessBase"]
[SourceDate "2021.10.24"]
[SourceVersion "1"]
[SourceVersionDate "2021.10.24"]
[SourceQuality "1"]

1. d4 f5 2. g3 e6 3. Bg2 Nf6 4. Nf3 Be7 5. 0-0 0-0 6. c4 d5 7. b3 c5 8. cxd5 exd5 9. dxc5 Bxc5 10. Bb2 Nc6 11. e3 Rb8 12. Qc2 Qe7 13. Nh4 Ne4 14. Nc3 b6 15. Nxd5 Qf7 16. Bxe4 fxe4 17. Nc3 Ne5 18. Qxe4 Bb7 19. Qxe5 Rbe8 20. Qf4 Qd7 21. Qc4+ Kh8 22. Rad1 Qc6 23. Qd5 Qc8 24. Qd7 Qa8 25. Nd5 Rg8 26. Ng6+ hxg6 27. Qh3# 1-0

[Event "LSS No Engine Cup 169 Preliminary 0"]
[Site "LSS email"]
[Date "2017.05.07"]
[Round "?"]
[White "Goti, Javier"]
[Black "Neumann, Otto"]
[Result "0-1"]
[WhiteElo "1090"]
[BlackElo "1128"]
[PlyCount "72"]
[EventDate "2017.05.08"]
[EventType "tourn (corr)"]
[EventRounds "6"]
[EventCountry "GER"]
[SourceTitle "Corr 2022"]
[Source "ChessBase"]
[SourceDate "2021.10.24"]
[SourceVersion "1"]
[SourceVersionDate "2021.10.24"]
[SourceQuality "1"]

1. e4 c5 2. d4 cxd4 3. Qxd4 Nc6 4. Qa4 d6 5. Nf3 a6 6. c3 Bd7 7. Bd3 Nf6 8. Bg5 e6 9. 0-0 Be7 10. Nbd2 0-0 11. Qc2 Re8 12. Rad1 h6 13. Bxf6 Bxf6 14. Nb3 Rc8 15. Rfe1 Nb4 16. Qb1 Nxd3 17. Qxd3 Be7 18. Nbd2 Bb5 19. c4 Bc6 20. a3 Qb6 21. b4 Rcd8 22. Nd4 Bf6 23. N2f3 e5 24. Nf5 Qc7 25. Qe3 Ba4 26. Rc1 Bd7 27. c5 Bxf5 28. cxd6 Qxd6 29. exf5 e4 30. Red1 Qe7 31. Nd2 Bd4 32. Qxe4 Qd7 33. Qf4 Be5 34. Qf3 Bb2 35. Nc4 Bxc1 36. Rxd7 Re1# 0-1

[Event "SN-2017-0-00848"]
[Site "LSS email"]
[Date "2017.05.07"]
[Round "?"]
[White "Goti, Javier"]
[Black "Neumann, Otto"]
[Result "1/2-1/2"]
[WhiteElo "675"]
[BlackElo "904"]
[PlyCount "109"]
[EventDate "2017.04.23"]
[EventType "tourn (corr)"]
[EventRounds "6"]
[EventCountry "GER"]
[SourceTitle "Corr 2022"]
[Source "ChessBase"]
[SourceDate "2021.10.24"]
[SourceVersion "1"]
[SourceVersionDate "2021.10.24"]
[SourceQuality "1"]

1. e4 c6 2. Nf3 d5 3. d3 Bg4 4. Be2 Nd7 5. 0-0 Ngf6 6. h3 dxe4 7. hxg4 exf3 8. Bxf3 e6 9. Bg5 Be7 10. Nc3 0-0 11. d4 Nb6 12. b3 h6 13. Bh4 Nbd5 14. Ne2 Re8 15. c4 Nb6 16. Rc1 Nh7 17. Bg3 Ng5 18. Nc3 Nxf3+ 19. Qxf3 Qxd4 20. Rfe1 Bg5 21. Rcd1 Qc5 22. Ne4 Qa5 23. Nxg5 Qxg5 24. Qe2 Rad8 25. f4 Qe7 26. Kf2 Nd7 27. Kg1 Nf6 28. Bh4 Rxd1 29. Rxd1 e5 30. fxe5 Qxe5 31. Qxe5 Rxe5 32. Bxf6 Re2 33. Rd8+ Kh7 34. Bh4 Rxa2 35. Rd7 b5 36. Rc7 bxc4 37. bxc4 Ra6 38. Rxf7 Ra4 39. Bd8 Rxc4 40. Rxa7 Rxg4 41. Bc7 Kg6 42. g3 Re4 43. Bd6 Re8 44. Rc7 Re6 45. Rxc6 Kf6 46. g4 g6 47. Kg2 g5 48. Kg3 Kg6 49. Kf3 h5 50. gxh5+ Kxh5 51. Kg3 Kg6 52. Rb6 Kf5 53. Rb5+ Kg6 54. Kg4 Rxd6 55. Rxg5+ 1/2-1/2

[Event "LSS No Engine Cup 169 Preliminary 0"]
[Site "LSS email"]
[Date "2017.05.07"]
[Round "?"]
[White "Shim Ng Min, Francis"]
[Black "Goti, Javier"]
[Result "1-0"]
[WhiteElo "1443"]
[BlackElo "1090"]
[PlyCount "67"]
[EventDate "2017.05.08"]
[EventType "tourn (corr)"]
[EventRounds "6"]
[EventCountry "GER"]
[SourceTitle "Corr 2022"]
[Source "ChessBase"]
[SourceDate "2021.10.24"]
[SourceVersion "1"]
[SourceVersionDate "2021.10.24"]
[SourceQuality "1"]

1. e4 c5 2. Nf3 Nc6 3. d4 cxd4 4. Nxd4 e5 5. Nb5 d6 6. c4 a6 7. N5c3 Nf6 8. Bg5 Be7 9. Bxf6 Bxf6 10. Nd5 0-0 11. Bd3 Bg5 12. 0-0 Nd4 13. Nbc3 f5 14. exf5 Nxf5 15. Ne4 Bh6 16. Qc2 Nd4 17. Qb1 Nf5 18. Ng3 Nd4 19. Bxh7+ Kh8 20. Qd3 b5 21. Be4 Rb8 22. cxb5 axb5 23. Ne2 Bf5 24. Nxd4 Bxe4 25. Qxe4 b4 26. Nf5 Bg5 27. Qg4 Kg8 28. Nxg7 Kxg7 29. h4 Kg6 30. hxg5 Rh8 31. Nxb4 Rc8 32. Rac1 Rc5 33. Rfd1 Qxg5 34. Rxd6+ 1-0

[Event "RF-2017-0-00382"]
[Site "LSS email"]
[Date "2017.05.06"]
[Round "?"]
[White "Chura, Michal"]
[Black "Goti, Javier"]
[Result "1-0"]
[WhiteElo "1192"]
[BlackElo "675"]
[PlyCount "55"]
[EventDate "2017.04.20"]
[EventType "tourn (corr)"]
[EventRounds "6"]
[EventCountry "GER"]
[SourceTitle "Corr 2022"]
[Source "ChessBase"]
[SourceDate "2021.10.24"]
[SourceVersion "1"]
[SourceVersionDate "2021.10.24"]
[SourceQuality "1"]

1. f4 f5 2. Nf3 Nf6 3. e3 e6 4. b3 Be7 5. Bb2 0-0 6. Be2 Nc6 7. 0-0 d6 8. Qe1 Nb4 9. Qd1 c5 10. Nc3 a6 11. d3 b5 12. Qd2 Bb7 13. a3 Bxf3 14. Bxf3 Nbd5 15. Nxd5 Nxd5 16. c4 bxc4 17. bxc4 Nxe3 18. Qxe3 Rb8 19. Qxe6+ Kh8 20. Rf2 Rxb2 21. Rxb2 Bf6 22. Rab1 Bxb2 23. Rxb2 Re8 24. Qxf5 Qa5 25. Re2 Rb8 26. Kf2 Qxa3 27. Qd7 h6 28. Re8+ 1-0